A TEXTBOOK OF QUALITY MANAGEMENT SYSTEM (Record no. 27080)

MARC details
000 -LEADER
fixed length control field 00406nam a22001697a 4500
003 - CONTROL NUMBER IDENTIFIER
control field SGT
020 ## - INTERNATIONAL STANDARD BOOK NUMBER
International Standard Book Number 9390437288
082 ## - DEWEY DECIMAL CLASSIFICATION NUMBER
Classification number 615.19
Item number Q24P
100 ## - MAIN ENTRY--PERSONAL NAME
Personal name POTDAR, MONOHAR
245 ## - TITLE STATEMENT
Title A TEXTBOOK OF QUALITY MANAGEMENT SYSTEM
250 ## - EDITION STATEMENT
Edition statement 2ND
260 ## - PUBLICATION, DISTRIBUTION, ETC. (IMPRINT)
Place of publication, distribution, etc PUNE
Name of publisher, distributor, etc NIRALI PRAKASHAN
Year of Publication 2024
300 ## - PAGE DESCRIPTION
No. of Pages 17.12
650 ## - SUBJECT ADDED ENTRY--TOPICAL TERM
Topical term or geographic name as entry element QUALITY MANAGEMENT
653 ## - KEYWORDS--INDEX TERM
Keyword term QUALITY, MANAGEMENT, SYSTEM
942 ## - ADDED ENTRY ELEMENTS (KOHA)
Source of classification or shelving scheme Dewey Decimal Classification
Koha item type Books
Holdings
Withdrawn status Lost status Source of classification or shelving scheme Damaged status Not for loan Collection code Home library Current library Shelving location Date acquired Vendor Name Cost, normal purchase price SGTU Bill Number Total Checkouts Full call number Accession No. (Barcode) Date last seen Bill Date Koha item type Date last borrowed Use restrictions
    Dewey Decimal Classification     PHARMACY SGT FA-FP Library SGT FA-FP Library Text Book 01/10/2024 AHUJA PUB. 260.00 SGTU 19381   615.19 Q24P FP5161 01/10/2024 13/08/2024 Books    
    Dewey Decimal Classification     PHARMACY SGT FA-FP Library SGT FA-FP Library Text Book 01/10/2024 AHUJA PUB. 260.00 SGTU 19381 3 615.19 Q24P FP5162 14/11/2025 13/08/2024 Books 28/10/2025  
    Dewey Decimal Classification     PHARMACY SGT FA-FP Library SGT FA-FP Library Reference Book 01/10/2024 AHUJA PUB. 260.00 SGTU 19381   615.19 Q24P FP5163 01/10/2024 13/08/2024 Books   Restricted Access
    Dewey Decimal Classification     PHARMACY SGT FA-FP Library SGT FA-FP Library Text Book 01/10/2024 AHUJA PUB. 260.00 SGTU 19381   615.19 Q24P FP5164 01/10/2024 13/08/2024 Books    
    Dewey Decimal Classification     PHARMACY SGT FA-FP Library SGT FA-FP Library Text Book 01/10/2024 AHUJA PUB. 260.00 SGTU 19381   615.19 Q24P FP5165 01/10/2024 13/08/2024 Books